| 000 -CABECERA |
| campo de control de longitud fija |
01283cam a22003854a 4500 |
| 001 - NÚMERO DE CONTROL |
| campo de control |
000494465 |
| 003 - IDENTIFICADOR DEL NÚMERO DE CONTROL |
| campo de control |
AR-RgUNPA |
| 005 - FECHA Y HORA DE LA ÚLTIMA TRANSACCIÓN |
| campo de control |
20260310113450.0 |
| 007 - CAMPO FIJO DE DESCRIPCIÓN FÍSICA--INFORMACIÓN GENERAL |
| campo de control de longitud fija |
ta |
| 008 - DATOS DE LONGITUD FIJA--INFORMACIÓN GENERAL |
| campo de control de longitud fija |
050718s1988 ag gr 001 0 spa |
| 015 ## - NÚMERO DE BIBLIOGRAFÍA NACIONAL |
| Número de bibliografía nacional |
AR-1988 |
| 020 ## - NÚMERO INTERNACIONAL ESTÁNDAR DEL LIBRO |
| Número Internacional Estándar del Libro |
9503703123 |
| 040 ## - FUENTE DE LA CATALOGACIÓN |
| Centro catalogador/agencia de origen |
SIUNPA |
| Lengua de catalogación |
spa |
| Centro/agencia transcriptor |
SIUNPA |
| Normas de descripción |
AACR2 |
| 041 ## - CÓDIGO DE LENGUA |
| Código de lengua del texto/banda sonora o título independiente |
spa |
| 043 ## - CÓDIGO DE ÁREA GEOGRÁFICA |
| Código de área geográfica |
s-ag--- |
| 044 ## - CÓDIGO DEL PAÍS DE LA ENTIDAD EDITORA/PRODUCTORA |
| Código MARC del país |
ag |
| Código ISO del país |
ar-c |
| 080 1# - NÚMERO DE LA CLASIFICACIÓN DECIMAL UNIVERSAL |
| Número de la Clasificación Decimal Universal |
355.31(82) F811e |
| 100 1# - ENTRADA PRINCIPAL--NOMBRE DE PERSONA |
| Nombre de persona |
Fraga, Rosendo, |
| Fechas asociadas al nombre |
1952- |
| Término indicativo de función/relación |
, autor |
| Código de función/relación |
aut |
| 245 10 - MENCIÓN DE TÍTULO |
| Título |
Ejército |
| Resto del título |
: del escarnio al poder 1973-1976 / |
| Mención de responsabilidad, etc. |
Rosendo Fraga |
| 260 ## - PUBLICACIÓN, DISTRIBUCIÓN, ETC. |
| Lugar de publicación, distribución, etc. |
Buenos Aires : |
| Nombre del editor, distribuidor, etc. |
Planeta, |
| Fecha de publicación, distribución, etc. |
1988 |
| 300 ## - DESCRIPCIÓN FÍSICA |
| Extensión |
287 p. |
| Dimensiones |
: il. |
| 505 2# - NOTA DE CONTENIDO CON FORMATO |
| Nota de contenido con formato |
Contiene: |
| Título |
Antecedentes -- La gestión Carcagno -- La gestión Anaya -- La gestión Laplane -- La gestión Videla -- Conclusiones |
| 561 1# - PROPIEDAD E HISTORIA DE CUSTODIA/NOTA DE PROCEDENCIA |
| Especificación de materiales |
Inventario 01256413: |
| Institución que aplica el campo |
AR-BaBN |
| 650 #4 - PUNTO DE ACCESO ADICIONAL DE MATERIA--TÉRMINO DE MATERIA |
| Término de materia o nombre geográfico como elemento de entrada |
EJERCITO |
| 650 #4 - PUNTO DE ACCESO ADICIONAL DE MATERIA--TÉRMINO DE MATERIA |
| Término de materia o nombre geográfico como elemento de entrada |
HISTORIA ARGENTINA |
| 650 #4 - PUNTO DE ACCESO ADICIONAL DE MATERIA--TÉRMINO DE MATERIA |
| Término de materia o nombre geográfico como elemento de entrada |
SIGLO XIX |
| 651 #0 - PUNTO DE ACCESO ADICIONAL DE MATERIA--NOMBRE GEOGRÁFICO |
| 9 (RLIN) |
53 |
| Nombre geográfico |
ARGENTINA |
| 942 ## - ELEMENTOS DE PUNTO DE ACCESO ADICIONAL (KOHA) |
| Fuente del sistema de clasificación o colocación |
|
| Tipo de ítem Koha |
Libros |
| 956 ## - LOCALIZACIÓN Y ACCESO ELECTRÓNICOS LOCAL (OCLC) |
| Nombre del host |
GSL |
| Número de acceso |
00 |
| Información sobre la compresión |
20110915 |
| Proceso de conexión (Logon) |
BNA01 |
| Procesador de la petición |
2248 |
| 956 ## - LOCALIZACIÓN Y ACCESO ELECTRÓNICOS LOCAL (OCLC) |
| Nombre del host |
GSL |
| Información sobre la compresión |
20130614 |
| Proceso de conexión (Logon) |
BNA01 |
| Procesador de la petición |
1715 |
| 956 ## - LOCALIZACIÓN Y ACCESO ELECTRÓNICOS LOCAL (OCLC) |
| Nombre del host |
RTAMARGO |
| Número de acceso |
20 |
| Información sobre la compresión |
20150904 |
| Proceso de conexión (Logon) |
BNA01 |
| Procesador de la petición |
1554 |
| 956 ## - LOCALIZACIÓN Y ACCESO ELECTRÓNICOS LOCAL (OCLC) |
| Nombre del host |
PLEMOS |
| Número de acceso |
20 |
| Información sobre la compresión |
20151015 |
| Proceso de conexión (Logon) |
BNA01 |
| Procesador de la petición |
1019 |
| 956 ## - LOCALIZACIÓN Y ACCESO ELECTRÓNICOS LOCAL (OCLC) |
| Nombre del host |
DVINAS |
| Número de acceso |
20 |
| Información sobre la compresión |
20200728 |
| Proceso de conexión (Logon) |
BNA01 |
| Procesador de la petición |
1211 |
| 956 ## - LOCALIZACIÓN Y ACCESO ELECTRÓNICOS LOCAL (OCLC) |
| Nombre del host |
LIASCOVICH |
| Número de acceso |
20 |
| Información sobre la compresión |
20250521 |
| Proceso de conexión (Logon) |
BNA01 |
| Procesador de la petición |
1024 |